000 00511nam a2200169 a 4500
005 20140412111302.0
008 001117s19uu xx 00 eng d
020 _a0-590-48998-4
050 _aM 302.222
_bF11 1993
100 _aFain, Kathleen
245 _aHandsigns :
_cKathleen Fain.
_ba sign language alphabet /
260 _aNew York :
_bScholastic Inc,
_c1993.
300 _a1 v. (unp.) ; col. ; ill.
520 _a[replaced by "The Before and After Book"]
650 _aSing language
999 _c103436
_d103436